MARC

LEADER 00000nas a2200000 a 4500
001 ssj0007471
003 WaSeSS
005 20200512172242.0
006 m d
007 cr n
008 990617c19759999ne br pss 0 a0eng c
010 |a  2004233142 
015 |a 17,O11  |2 dnb 
016 7 |a 012432855  |2 Uk 
016 7 |a 2015303-X  |2 DE-600 
016 7 |a 020467753  |2 DE-101 
022 |a 1572-8420  |l 0165-0106  |y 0165-0106 
030 |a ERKEDQ 
035 |a (WaSeSS)ssj0007471 
040 |a F#A  |b eng  |e pn  |c F#A  |d OCLCQ  |d MUQ  |d OCLCQ  |d GUA  |d OCLCQ  |d EYM  |d MYG  |d GUA  |d OCLCQ  |d BUF  |d OCLCQ  |d OCLCF  |d OCLCO  |d CUD  |d OCLCQ  |d CUS  |d AZU  |d CUS  |d UKMGB  |d OCLCO  |d DEBBG  |d GWDNB  |d OCLCO  |d VT2  |d GILDS  |d OCLCO  |d DLC  |d NJT  |d WaSeSS 
042 |a pcc 
050 0 0 |a B1 
082 0 4 |a 100 
130 0 |a Erkenntnis (Dordrecht, Netherlands) 
210 0 |a Erkenntnis  |b (Dordr., Online) 
222 0 |a Erkenntnis  |b (Dordrecht. Online) 
245 1 0 |a Erkenntnis  |h [electronic resource]. 
260 |a Dordrecht, Holland :  |b D. Reidel,  |c 1975- 
260 2 |3 1988- :  |a [Dordrecht] :  |b Kluwer Academic Publishers 
260 3 |3 <2009-> :  |a [Dordrecht] :  |b Springer Netherlands 
310 |a 6 issues yearly,  |b 1982- 
321 |a Three issues yearly,  |b 1975-1981 
362 0 |a Vol. 9, no. 1 (May 1975)- 
500 |a "An international journal of analytic philosophy." 
500 |a "An international journal of scientific philosophy." 
500 |a "Published in cooperation with Felix Meiner Verlag, Hamburg, Germany." 
500 |a Title from cover (JSTOR, viewed Nov. 21, 2008). 
506 |a License restrictions may limit access. 
515 |a Some issues combined. 
515 |a Publication suspended 1941-1974 inclusive. 
538 |a Mode of access: World Wide Web. 
588 |a Latest issue consulted: Vol. 83, no. 6 (Dec. 2018) (SpringerLink website, viewed Dec. 17, 2018). 
650 0 |a Philosophy  |v Periodicals. 
650 0 |a Analysis (Philosophy)  |v Periodicals. 
650 6 |a Philosophie  |v Périodiques. 
650 6 |a Philosophie analytique  |v Périodiques. 
650 7 |a Analysis (Philosophy)  |2 fast  |0 (OCoLC)fst00808323 
650 7 |a Philosophy.  |2 fast  |0 (OCoLC)fst01060777 
650 7 |a Analytische Philosophie  |2 gnd 
655 0 |a Electronic journals. 
776 0 8 |i Print version:  |t Erkenntnis (Dordrecht, Netherlands)  |x 0165-0106  |w (DLC) 75647016  |w (OCoLC)2243440 
780 0 0 |t Journal of unified science (Online)  |w (DLC) 2008234463  |w (OCoLC)232333475 
850 |a DLC 
856 4 0 |z Full text available from Research Library: 01/01/1997 to 1 year ago  |u https://search.proquest.com/publication/36304